[Event "Summer Cup"]
[Site "Wellington Chess Club"]
[Date "2019.03.28"]
[Round "7.18"]
[White "Carroll, Lewis"]
[Black "Kibblewhite, Daniel"]
[Result "0-1"]
[WhiteElo "1178"]
[BlackElo "1496"]

1. Nf3 d5 2. d4 Nf6 3. Bg5 Bg4 4. Nbd2 Nbd7 5. c3 h6 6. Bf4 e6 7. Qa4 Be7 8. e3
O-O 9. Bd3 Bf5 10. Ne5 Bxd3 11. Nxd3 Nh5 12. e4 Nxf4 13. Nxf4 Bg5 14. g3 Bxf4
15. gxf4 dxe4 16. Nxe4 Nf6 17. Nc5 Qd5 18. O-O-O Ne4 19. Rhg1 Nxc5 20. dxc5
Qxc5 21. Qd4 Qxd4 22. Rxd4 Rfd8 23. Rgd1 Rxd4 24. Rxd4 Kf8 25. Kd2 Ke7 26. Ke3
Rd8 27. Rxd8 Kxd8 28. Kd4 f6 29. Ke4 g6 30. a3 Kd7 31. b4 Kd6 32. h4 c5 33. a4
f5+ 34. Kd3 Kd5 35. c4+ Kc6 36. Kc3 cxb4+ 37. Kxb4 b6 0-1

[Event "Summer Cup"]
[Site "Wellington Chess Club"]
[Date "2019.03.28"]
[Round "7.19"]
[White "Stannard, Lars"]
[Black "Dunlop, Rafe"]
[Result "1-0"]
[WhiteElo "1357"]
[BlackElo "1000"]

1. d4 d5 2. Bf4 Bf5 3. Nf3 e6 4. e3 Bb4+ 5. c3 Bd6 6. Bxd6 Qxd6 7. Bd3 Bxd3 8.
Qxd3 Nf6 9. Nbd2 O-O 10. b4 Nc6 11. a4 a6 12. h3 Rfe8 13. O-O e5 14. dxe5 Nxe5
15. Nxe5 Qxe5 16. Nf3 Qd6 17. Rfd1 Ne4 18. Nd4 Rad8 19. b5 Qf6 20. Qc2 c5 21.
bxc6 bxc6 22. Rf1 c5 23. Ne2 d4 24. cxd4 Rc8 25. Rac1 Qe6 26. dxc5 Rxc5 27. Qb2
Qf5 28. Nd4 Qf6 29. Qa3 Rec8 30. f3 Rxc1 31. Rxc1 Nd6 32. Rxc8+ Nxc8 33. a5 Qe6
34. Nxe6 1-0

[Event "Summer Cup"]
[Site "Wellington Chess Club"]
[Date "2019.03.28"]
[Round "7.20"]
[White "Cooke, Xandi"]
[Black "Bennett, Ezra"]
[Result "1-0"]
[WhiteElo "1200"]
[BlackElo "1404"]

1. d4 Nf6 2. Nc3 g6 3. Nf3 d6 4. d5 Bg7 5. Bf4 O-O 6. e3 Bg4 7. Bd3 Nh5 8. h3
Nxf4 9. exf4 Bxf3 10. Qxf3 c6 11. O-O e5 12. fxe5 Bxe5 13. Rfe1 a5 14. a3 Qf6
15. Qxf6 Bxf6 16. Rab1 c5 17. Ne4 Be7 18. Nxc5 dxc5 19. Rxe7 Ra7 20. d6 Kg7 21.
Be4 Ra6 22. Rd1 Nc6 23. Rxb7 Rd8 24. Bxc6 Rxc6 25. d7 Kf6 26. Ra7 Ke7 27. Kf1
Rd6 28. Rxd6 Kxd6 29. Rxa5 Kc6 30. Ke2 Rxd7 31. Ra8 Rb7 32. b3 Kd5 33. Kd3 Re7
34. a4 Re6 35. a5 Re1 36. a6 Ra1 37. a7 Kc6 38. Rc8+ Kb7 39. Rxc5 Rxa7 40. Rb5+
Kc6 41. c4 Ra2 42. b4 Rxf2 43. Rc5+ Kd6 44. Rd5+ Kc6 45. b5+ Kb6 46. Kd4 Rxg2
47. Rd6+ Kc7 48. c5 Rd2+ 49. Ke5 f6+ 50. Rxf6 Re2+ 51. Kd5 Rd2+ 52. Ke4 Rb2 53.
Rf7+ Kd8 {White won soon} 1-0

[Event "Summer Cup"]
[Site "Wellington Chess Club"]
[Date "2019.03.28"]
[Round "7.21"]
[White "Asher, Bruce"]
[Black "Ackroyd, William"]
[Result "0-1"]
[WhiteElo "1216"]
[BlackElo "1100"]

1. d4 Nf6 2. Nc3 d5 3. Nf3 Bf5 4. g3 e6 5. Bg2 Bd6 6. Bg5 Nbd7 7. O-O O-O 8.
Re1 c5 9. Nb5 Be7 10. c3 Qa5 11. Ne5 Rfd8 12. Na3 cxd4 13. cxd4 Bxa3 14. bxa3
Qxa3 15. e3 Qe7 16. Rc1 h6 17. e4 dxe4 18. Be3 Nxe5 19. f4 exf3 20. Bxf3 Nxf3+
21. Qxf3 Nd5 22. Bf2 Bg6 23. Rc5 Qf6 24. Qg2 b6 25. Rc6 Rac8 26. Rec1 Rxc6 27.
Rxc6 Qe7 28. Qf1 Qb7 29. Qc1 Rd7 30. a3 Rc7 31. Rxc7 Qxc7 32. Qe1 Qc3 33. Qe5
Qxa3 34. h4 Bd3 35. g4 Qc1+ 36. Be1 Qe3+ 37. Bf2 Qxe5 38. dxe5 a5 39. Bd4 b5
40. Ba1 a4 41. Kf2 b4 42. Ke1 b3 43. Kd2 Bc4 44. Kc1 a3 45. Bc3 0-1

[Event "Summer Cup"]
[Site "Wellington Chess Club"]
[Date "2019.04.04"]
[Round "8.1"]
[White "Dive, Russell"]
[Black "Ker, Anthony"]
[Result "1-0"]
[WhiteElo "2433"]
[BlackElo "2475"]

1. d4 Nf6 2. Nf3 e6 3. g3 b5 4. Bg2 Bb7 5. O-O c5 6. c3 Na6 7. Nbd2 Be7 8. Re1
O-O 9. e4 d6 10. Qe2 Qb6 11. e5 Nd7 12. exd6 Bxd6 13. a4 cxd4 14. axb5 dxc3 15.
Nc4 Qxb5 16. Nxd6 cxb2 17. Bxb2 Qxe2 18. Rxe2 Nac5 19. Nxb7 Nxb7 20. Nd4 Ndc5
21. Ba3 Rac8 22. Bxb7 1-0

[Event "Summer Cup"]
[Site "Wellington Chess Club"]
[Date "2019.04.04"]
[Round "8.2"]
[White "Croad, Nicolas"]
[Black "Wastney, Scott"]
[Result "0-1"]
[WhiteElo "2445"]
[BlackElo "2396"]

1. d4 Nf6 2. c4 g6 3. Nc3 Bg7 4. e4 d6 5. Nf3 O-O 6. Be2 e5 7. O-O Nc6 8. d5
Ne7 9. Ne1 Nd7 10. Be3 f5 11. f3 f4 12. Bf2 g5 13. Rc1 Nf6 14. c5 Ne8 15. Nb5
a6 16. cxd6 cxd6 17. Na3 Bd7 18. Qb3 b5 19. Nd3 Ng6 20. Nb4 g4 21. fxg4 Nf6 22.
Nc6 Qe8 23. Qb4 Nxg4 24. Bxg4 Bxg4 25. Qxd6 Rf6 26. Qb4 Bf8 27. Bc5 Bh6 28.
Ne7+ Nxe7 29. Bxe7 a5 30. Qc5 Rc8 31. Qxc8 Bxc8 32. Bxf6 Bd7 33. Rc7 Bf8 34.
Rfc1 Bd6 35. Rxd7 Qxd7 36. Bh4 Bb8 37. Bf2 Ba7 38. Rc2 Bxf2+ 39. Kxf2 Qa7+ 40.
Kf1 Qe3 41. Re2 Qc1+ 42. Kf2 b4 43. Nc2 Qxb2 44. Ne1 Qd4+ 45. Kf1 a4 46. Nf3
Qd1+ 47. Kf2 b3 48. axb3 a3 49. Nxe5 Qd4+ 50. Kf3 Qxe5 51. g3 fxg3 52. hxg3
Qc3+ 53. Kf4 Qxb3 54. d6 Qf7+ 55. Ke3 Qa7+ 56. Kf3 a2 57. d7 Qxd7 0-1

[Event "Summer Cup"]
[Site "Wellington Chess Club"]
[Date "2019.04.04"]
[Round "8.3"]
[White "Sellen, Ian"]
[Black "Nijman, Brian"]
[Result "0-1"]
[WhiteElo "2041"]
[BlackElo "2175"]

1. d4 e6 2. c4 Bb4+ 3. Bd2 a5 4. Nf3 Nf6 5. a3 Bxd2+ 6. Nbxd2 b6 7. e4 Bb7 8.
Qc2 d6 9. Rd1 Nbd7 10. Be2 Qe7 11. O-O O-O 12. Rfe1 Rad8 13. e5 Nh5 14. Bd3 h6
15. Be4 d5 16. cxd5 exd5 17. Bf5 Nb8 18. e6 Bc8 19. exf7+ Qxf7 20. Bg6 Qf4 21.
Re5 Nf6 22. Qxc7 Nfd7 23. g3 Qf6 24. Rxd5 Qxg6 25. Ne5 Qe6 26. Rd6 Qf5 27. f4
Na6 28. Qc4+ Kh7 29. Nc6 b5 30. Qc3 b4 31. axb4 axb4 32. Nxb4 Nxb4 33. Qxb4 Nf6
34. Nc4 Nd5 35. Qe1 Rde8 36. Ne5 Nf6 37. Qa5 Bb7 38. Qc7 Qe4 39. d5 Qe3+ 40.
Kf1 Rxe5 41. Rxf6 Qf3+ 0-1

[Event "Summer Cup"]
[Site "Wellington Chess Club"]
[Date "2019.04.04"]
[Round "8.4"]
[White "Nyberg, Michael"]
[Black "Benitez, Edgar"]
[Result "1-0"]
[WhiteElo "2099"]
[BlackElo "2017"]

1. e4 e5 2. Nf3 Nc6 3. Bb5 a6 4. Ba4 Nf6 5. d3 d6 6. c3 Be7 7. O-O O-O 8. Re1
Bg4 9. Nbd2 b5 10. Bc2 Re8 11. Nf1 Qd7 12. Bg5 Rad8 13. Ne3 Bh5 14. Nf5 h6 15.
Bh4 Nh7 16. Nxe7+ Nxe7 17. Bb3 g5 18. Bg3 Nf6 19. a4 Ng6 20. axb5 axb5 21. d4
exd4 22. Qxd4 Ng4 23. Ra7 N4e5 24. Nxe5 Nxe5 25. Qd2 Ng6 26. f3 Qc8 27. Qe2 Ne5
28. Qxb5 c6 29. Qe2 Qb8 30. Ra3 d5 31. Bxe5 Rxe5 32. Qf2 Rde8 33. Ba4 Qc7 34.
Bc2 Bg6 35. Raa1 dxe4 36. fxe4 R8e6 37. Bb3 Rd6 38. Ra7 Qd8 39. Bxf7+ Kh8 40.
Bxg6 Rxg6 41. Qf7 Qg8 42. Qc7 Rge6 43. Rb7 Rb5 44. Rxb5 cxb5 45. Qd7 Qg6 46.
Qxb5 Rxe4 47. Qb8+ 1-0

[Event "Summer Cup"]
[Site "Wellington Chess Club"]
[Date "2019.04.04"]
[Round "8.5"]
[White "Cilia Vincenti, David"]
[Black "Jackson, Ross"]
[Result "1-0"]
[WhiteElo "2208"]
[BlackElo "1955"]

1. d4 d5 2. c4 c6 3. Nf3 e6 4. e3 Nf6 5. Bd3 dxc4 6. Bxc4 b5 7. Bd3 a6 8. a4
Bb7 9. O-O Nbd7 10. Nbd2 Nb6 11. axb5 cxb5 12. Nb3 Na4 13. Rb1 Bb4 14. Bd2 Bxd2
15. Qxd2 Be4 16. Rfc1 O-O 17. Nc5 Nxc5 18. Rxc5 Rc8 19. Rbc1 Rxc5 20. Rxc5 Qa8
21. Ne1 Rc8 22. Qc2 Rxc5 23. Qxc5 Qc6 24. Bxe4 Qxc5 25. Bxh7+ Kxh7 26. dxc5 Nd5
27. e4 Nb4 28. Nd3 Nc6 29. f4 f6 30. b4 Kg6 31. Kf2 e5 32. fxe5 fxe5 33. Kg3
Kf6 34. Kg4 a5 35. bxa5 Nxa5 36. Nb4 Ke6 37. h4 Nb3 38. c6 Kd6 39. Kf5 Nd4+ 40.
Kg6 Nxc6 41. Kxg7 Nxb4 42. h5 1-0

[Event "Summer Cup"]
[Site "Wellington Chess Club"]
[Date "2019.04.04"]
[Round "8.6"]
[White "Winter, Ryan"]
[Black "Farrington, Lawrence"]
[Result "1-0"]
[WhiteElo "2118"]
[BlackElo "1755"]

1. e4 e6 2. d4 d5 3. Nd2 Nf6 4. e5 Nfd7 5. Bd3 c5 6. c3 Nc6 7. Ne2 Qb6 8. Nf3
cxd4 9. cxd4 f6 10. exf6 Nxf6 11. O-O Bd6 12. Nc3 O-O 13. a3 a6 14. Bg5 Kh8 15.
Bc2 Bd7 16. Re1 Rae8 17. Qd3 g6 18. Ne5 Bxe5 19. dxe5 Ng4 20. Qg3 Qxf2+ 21.
Qxf2 Rxf2 22. Rac1 Rff8 23. Na4 Ngxe5 24. Nb6 Bc8 25. Bh6 Rf6 26. Bb1 Nf7 27.
Nxd5 Nxh6 28. Nxf6 Re7 29. Ne4 Nf5 30. h3 Kg7 31. Ba2 Nfd4 32. Nd6 Rc7 33. Ne8+
1-0

[Event "Summer Cup"]
[Site "Wellington Chess Club"]
[Date "2019.04.04"]
[Round "8.7"]
[White "Rossiter, Philip"]
[Black "Heyworth, Nicholas"]
[Result "1-0"]
[WhiteElo "1923"]
[BlackElo "1532"]

1. d4 d5 2. c4 c6 3. Nc3 Nf6 4. cxd5 cxd5 5. Bg5 e6 6. e3 Be7 7. Nf3 O-O 8. Bd3
h6 9. Bh4 Nc6 10. Rc1 b6 11. O-O Bb7 12. Re1 Rc8 13. Qe2 Nb4 14. Bb1 Ba6 15.
Qd1 Ne8 16. Bxe7 Qxe7 17. a3 Nc6 18. b4 Bc4 19. e4 dxe4 20. Nxe4 Bd5 21. Ne5
Qb7 22. Nc4 Qd7 23. Ne3 Bxe4 24. Bxe4 Nf6 25. d5 exd5 26. Bf5 1-0

[Event "Summer Cup"]
[Site "Wellington Chess Club"]
[Date "2019.04.04"]
[Round "8.8"]
[White "Enegbuma, Wallace"]
[Black "Sole, Michael"]
[Result "0-1"]
[WhiteElo "1000"]
[BlackElo "1897"]

1. e4 e6 2. Nf3 d5 3. exd5 exd5 4. d4 Bd6 5. Bd3 Ne7 6. Nc3 c6 7. O-O h6 8. Re1
O-O 9. Be3 Bf5 10. Qd2 Bxd3 11. Qxd3 Nd7 12. Re2 Qc7 13. h3 Rae8 14. Rae1 Ng6
15. Bc1 Nf6 16. Qf5 Rxe2 17. Rxe2 Qd7 18. Qxd7 Nxd7 19. g3 f5 20. Re6 Rf6 21.
Rxf6 Nxf6 22. Ne2 Ne4 23. Kg2 Kf7 24. Nh2 Nf8 25. f4 g5 26. Nf3 Kf6 27. Ne5 a5
28. Kf3 a4 29. b3 axb3 30. axb3 Bb4 31. c4 Ne6 32. Nd3 Ba5 33. cxd5 cxd5 34. b4
Bc7 35. Nc5 b5 36. Ke3 Nxg3 37. Nxe6 Kxe6 38. fxg5 hxg5 39. Nxg3 Bxg3 40. Ke2
Kf6 41. Bd2 Bd6 42. Kf3 Kg6 43. Bc3 Kh5 44. Be1 g4+ 45. hxg4+ fxg4+ 46. Ke3 g3
47. Kf3 Kh4 48. Kg2 Kg4 49. Bd2 Bf4 50. Be1 Bd6 51. Bd2 Be7 52. Be1 Bh4 53. Bd2
Bf6 54. Be1 Kf4 55. Bxg3+ Ke4 56. Kf2 Bxd4+ 57. Ke2 Bc3 58. Bd6 Kd4 59. Bc5+
Kc4 60. Kd1 Bxb4 61. Ba7 Bc5 62. Bb8 b4 63. Be5 Bd4 64. Bc7 Kb3 65. Kc1 Ka2 0-1

[Event "Summer Cup"]
[Site "Wellington Chess Club"]
[Date "2019.04.04"]
[Round "8.9"]
[White "Brockway, Andrew"]
[Black "Chen, Wei Kai"]
[Result "0-1"]
[WhiteElo "1842"]
[BlackElo "1895"]

1. e4 e5 2. Nf3 Nc6 3. Bb5 Nf6 4. O-O d6 5. d4 exd4 6. Nxd4 Bd7 7. Nc3 Be7 8.
Bxc6 Bxc6 9. Nxc6 bxc6 10. Qd3 O-O 11. Bg5 Nd7 12. Bxe7 Qxe7 13. Qg3 Rab8 14.
b3 Rfe8 15. Rad1 Qf6 16. f4 Re7 17. e5 dxe5 18. f5 Rb4 19. Qe3 Rf4 20. Qxa7 h5
21. Qa8+ Kh7 22. Rxf4 exf4 23. Qa5 Qh4 24. Na4 f3 25. gxf3 Re2 26. Rd2 Qxh2+
0-1

[Event "Summer Cup"]
[Site "Wellington Chess Club"]
[Date "2019.04.04"]
[Round "8.10"]
[White "Lyall, Gordon"]
[Black "Stoeveken, Peter"]
[Result "1-0"]
[WhiteElo "1912"]
[BlackElo "1853"]

1. e4 c5 2. Nc3 Nc6 3. f4 e6 4. Bb5 Nd4 5. Nf3 a6 6. Be2 b5 7. O-O Bb7 8. d3
Nc6 9. Qe1 Nge7 10. f5 Nd4 11. Bd1 Nec6 12. fxe6 dxe6 13. Qg3 g6 14. Ng5 f6 15.
Nxh7 Rxh7 16. Qxg6+ Rf7 17. Bh5 Ne5 18. Qxf6 Qxf6 19. Rxf6 Be7 20. Bxf7+ Nxf7
21. Rf2 O-O-O 22. Rxf7 Bd6 23. Bg5 Rg8 24. h4 Nxc2 25. Raf1 b4 26. Ne2 c4 27.
dxc4 Bxe4 28. R1f6 Ne3 29. Bxe3 Rxg2+ 30. Kf1 Rh2 31. Rxe6 Rh1+ 32. Bg1 1-0

[Event "Summer Cup"]
[Site "Wellington Chess Club"]
[Date "2019.04.04"]
[Round "8.12"]
[White "Mullan, Brett"]
[Black "Stannard, Bobby"]
[Result "1-0"]
[WhiteElo "1923"]
[BlackElo "1357"]

1. e4 e6 2. d4 d5 3. Nd2 c5 4. c3 Nc6 5. Ngf3 cxd4 6. cxd4 Bb4 7. Qc2 Nf6 8. e5
Ne4 9. a3 Bxd2+ 10. Bxd2 O-O 11. Be3 f6 12. exf6 Nxf6 13. Bd3 Re8 14. O-O e5
15. dxe5 Nxe5 16. Nxe5 Rxe5 17. Bd4 Rh5 18. f3 Qd6 19. g3 g6 20. Bxg6 Bh3 21.
Bxh5 Bxf1 22. Bxf6 Qxf6 23. Rxf1 d4 24. Qd3 Qb6 25. Rf2 Rd8 26. Re2 Qc5 27. g4
a5 28. Rc2 Qe5 29. Rd2 Qe1+ 30. Kg2 Kg7 31. Qe2 Qh4 32. Qe5+ Qf6 33. Qc7+ Kg8
34. Qxb7 Qf4 35. Rd3 a4 36. Qe4 Qc1 37. Qe6+ Kh8 38. Qf6+ 1-0

[Event "Summer Cup"]
[Site "Wellington Chess Club"]
[Date "2019.04.04"]
[Round "8.13"]
[White "Hurndell, Robert"]
[Black "Quayle, Jamie"]
[Result "0-1"]
[WhiteElo "1518"]
[BlackElo "1300"]

1. d4 Nf6 2. c4 g6 3. Nc3 Bg7 4. e4 d6 5. Nf3 O-O 6. Be2 Re8 7. Bg5 e5 8. d5 a5
9. O-O Na6 10. Qc1 Nc5 11. Ne1 Rf8 12. Nd3 Nxd3 13. Bxd3 Qe8 14. Nb5 Qd7 15.
Re1 c6 16. Nc3 Nh5 17. Na4 Qe8 18. Nb6 Rb8 19. Qd2 f5 20. Nxc8 Qxc8 21. Qxa5 f4
22. f3 Rf7 23. Bh4 h6 24. Qa3 g5 25. Bf2 Bf8 26. b4 Rg7 27. Be2 Nf6 28. dxc6
bxc6 29. Qb3 h5 30. a4 g4 31. fxg4 hxg4 32. Bd1 d5 33. exd5 Rxb4 34. Qc3 g3 35.
hxg3 fxg3 36. Bxg3 Qf5 37. Qxe5 Bc5+ 38. Kh1 Rh7+ 39. Bh2 Qxe5 40. Rxe5 Bd6 41.
Re6 Bxh2 42. Rxc6 Be5+ 43. Kg1 Bxa1 44. a5 Rb1 45. Rc8+ Kg7 46. a6 Bd4+ 47. Kf1
Rxd1+ 48. Ke2 Ra1 49. Kd3 Bg1 {50. Resigns 0-1 } 0-1

[Event "Summer Cup"]
[Site "Wellington Chess Club"]
[Date "2019.04.04"]
[Round "8.14"]
[White "Theodosiou, Andreas"]
[Black "Stannard, Lars"]
[Result "1/2-1/2"]
[WhiteElo "1356"]
[BlackElo "1357"]

1. d4 d5 2. Nf3 Bf5 3. c3 Nf6 4. Bg5 e6 5. Nbd2 Be7 6. e3 Ne4 7. Bxe7 Qxe7 8.
Be2 O-O 9. O-O Nd7 10. Nxe4 Bxe4 11. Qb3 Rab8 12. c4 c6 13. cxd5 cxd5 14. Rac1
a6 15. Rc7 b5 16. Ne5 Qg5 17. f3 Nxe5 18. fxe4 Nc4 19. Bxc4 bxc4 20. Qc3 Rbc8
21. Rxc8 Rxc8 22. exd5 exd5 23. b3 h5 24. Rf3 h4 25. h3 Qg6 26. Rf1 Qe6 27. Rf4
cxb3 28. Qxb3 g5 29. Rg4 Rc1+ 30. Kh2 Qd6+ 31. g3 f6 32. Kg2 hxg3 33. Rxg3 Kg7
34. Rg4 Qc6 35. h4 Rc2+ 36. Kf3 Kh6 37. Qb8 1/2-1/2

[Event "Summer Cup"]
[Site "Wellington Chess Club"]
[Date "2019.04.04"]
[Round "8.17"]
[White "Osborne, Geoff"]
[Black "Carroll, Lewis"]
[Result "0-1"]
[WhiteElo "1550"]
[BlackElo "1178"]

1. e4 e5 2. Nf3 Nc6 3. Bc4 Nf6 4. d4 exd4 5. Nxd4 Nxe4 6. O-O d5 7. Bb3 Be7 8.
Be3 Nxd4 9. Bxd4 c5 10. Be5 Bf6 11. Bxf6 Nxf6 12. Re1+ Be6 13. Nc3 O-O 14. Qd2
a6 15. Rad1 c4 16. Ne2 cxb3 17. cxb3 Ne4 18. Qd4 Qf6 19. Qxf6 Nxf6 20. Nd4 Rfe8
21. Rc1 Rac8 22. h3 Rxc1 23. Rxc1 Rc8 24. Re1 Re8 25. f3 Bd7 26. Rf1 Nh5 27.
Kh2 Nf4 28. Rd1 Ne2 29. Nc2 Bc6 30. Nb4 Nf4 31. Kg3 g5 32. Kf2 Re2+ 33. Kf1
Rxg2 34. Nd3 Bb5 35. a4 Bxd3+ 36. Rxd3 Nxd3 37. Kxg2 Kg7 38. Kg3 Kf6 39. Kg4 d4
40. Kg3 Nxb2 41. Kf2 d3 42. Ke1 Ke5 43. Kd2 Kd4 44. a5 f5 45. b4 Nc4+ 46. Kd1
Kc3 0-1

[Event "Summer Cup"]
[Site "Wellington Chess Club"]
[Date "2019.04.04"]
[Round "8.18"]
[White "Paley, Yonah"]
[Black "Bennett, Ezra"]
[Result "0-1"]
[WhiteElo "1100"]
[BlackElo "1404"]

1. d4 Nf6 2. c4 g6 3. Nc3 Bg7 4. Nf3 d5 5. e3 Bg4 6. h3 Bxf3 7. Qxf3 O-O 8. Be2
c6 9. O-O Re8 10. e4 e5 11. dxe5 dxe4 12. Nxe4 Rxe5 13. Rd1 Nbd7 14. Nxf6+ Bxf6
15. g4 Qe7 16. Be3 Re8 17. Rxd7 Qxd7 18. Qxf6 R5e6 19. Qf3 f6 20. Rd1 Qc7 21.
c5 Rxe3 22. Bc4+ Kg7 23. Qxe3 Rxe3 24. fxe3 Qg3+ 25. Kh1 Qf3+ 26. Kh2 Qxd1 27.
Bb3 Qe2+ 28. Kg1 Qxe3+ 0-1

[Event "Summer Cup"]
[Site "Wellington Chess Club"]
[Date "2019.04.15"]
[Round "8.16"]
[White "Dunlop, Rafe"]
[Black "Ackroyd, William"]
[Result "0-1"]
[WhiteElo "1000"]
[BlackElo "1100"]

1. e4 e5 2. Nf3 Nc6 3. Bb5 f5 4. Nc3 fxe4 5. Nxe4 Nf6 6. d3 Nxe4 7. dxe4 d6 8.
O-O Bd7 9. Bg5 Be7 10. Qd2 Bxg5 11. Nxg5 h6 12. Nf3 Qf6 13. h3 Bxh3 14. gxh3
Qxf3 15. Qd5 Qxh3 16. Bxc6+ bxc6 17. Qxc6+ Qd7 18. Qxd7+ Kxd7 19. c4 Ke6 20.
Rfd1 Rhd8 21. Rd3 Rd7 22. Rad1 Rad8 23. Kg2 h5 24. Kg3 g5 25. b4 a6 26. c5 dxc5
27. Rxd7 Rxd7 28. Rxd7 Kxd7 29. bxc5 Kc6 30. Kf3 Kxc5 31. Ke3 g4 32. Ke2 h4 33.
Kf1 Kd4 0-1

[Event "Autumn Cup A Grade"]
[Site "Wellington Chess Club"]
[Date "2019.05.16"]
[Round "1"]
[White "Cilia Vincenti, David"]
[Black "Dive, Russell"]
[Result "0-1"]
[WhiteElo "2208"]
[BlackElo "2431"]

1. d4 Nf6 2. c4 c5 3. d5 b5 4. cxb5 a6 5. bxa6 g6 6. Nc3 Bg7 7. Nf3 O-O 8. e4
d6 9. a4 Ne8 10. Bb5 Nc7 11. O-O Bxa6 12. Bxa6 Rxa6 13. Re1 Nd7 14. Bf4 Qb8 15.
Rb1 Qb4 16. Bd2 Rc8 17. Qc2 c4 18. b3 Nc5 19. bxc4 Qxc4 20. Rec1 Bxc3 21. Qxc3
Qxe4 22. Bh6 f6 23. Rb4 Qxd5 24. Rd4 Qf7 25. Re1 Nxa4 26. Qc2 Nc5 27. h4 Nb5
28. Rb4 Nc7 29. Rg4 Kh8 30. h5 Rg8 31. Rb1 Raa8 32. hxg6 Rxg6 33. Rh4 Rag8 34.
g3 Qd5 35. Nd4 e6 36. Be3 f5 37. Nb5 Nxb5 38. Rxb5 Rxg3+ 39. fxg3 Rxg3+ 40. Kh2
Rxe3 41. Rb8+ Kg7 42. Qb2+ e5 43. Rc8 Rd3 44. Rc7+ Kg6 45. Qg2+ Qxg2+ 46. Kxg2
h5 47. Rb4 Ne4 48. Rb8 Kg5 49. Rg7+ Kf4 50. Rh8 Rd2+ 51. Kf1 Kf3 52. Ke1 Rh2
53. Rg1 f4 54. Rf1+ Ke3 55. Re8 Nc5 56. Kd1 Nd3 0-1

[Event "Autumn Cup A Grade"]
[Site "Wellington Chess Club"]
[Date "2019.05.23"]
[Round "2"]
[White "Ker, Anthony"]
[Black "Dive, Russell"]
[Result "1-0"]
[WhiteElo "2472"]
[BlackElo "2431"]

1. e4 e5 2. Nf3 Nf6 3. d4 Nxe4 4. Bd3 d5 5. dxe5 Nc5 6. Be2 Nc6 7. Nc3 d4 8.
Nb5 Ne6 9. c3 dxc3 10. Qxd8+ Ncxd8 11. Nxc3 Bc5 12. O-O O-O 13. Rd1 Nc6 14. Ne4
Ncd4 15. Bc4 Nxf3+ 16. gxf3 Be7 17. Be3 c6 18. Nc3 Nc7 19. Ne4 b5 20. Bb3 a5
21. Bb6 Ne6 22. a4 Ba6 23. axb5 Bxb5 24. Rxa5 Rxa5 25. Bxa5 Ra8 26. Bxe6 fxe6
27. Rd7 Bh4 28. b4 Rf8 29. Nc5 Rxf3 30. Nxe6 Rxf2 31. Rxg7+ Kh8 32. Rb7 h5 33.
Bd8 Rf1+ 34. Kg2 Rf2+ 35. Kh3 Bxd8 36. Nxd8 Rd2 37. Nf7+ Kg8 38. Nd6 Bf1+ 39.
Kg3 Re2 40. Kf4 h4 41. Ne4 Bg2 42. Nc5 Bd5 43. h3 Rf2+ 44. Kg5 Re2 45. Kf6 Rf2+
46. Ke7 Rh2 47. Nd7 Rxh3 48. Nf6+ Kg7 49. Nxd5 cxd5 50. Kd8+ Kg6 51. e6 Ra3 52.
Rc7 Kf6 53. e7 Ra8+ 54. Kd7 Kf7 55. b5 Re8 56. b6 h3 57. b7 h2 58. Rc1 Rxe7+
59. Kc6 Re6+ 60. Kc7 Re7+ 61. Kb6 Re6+ 62. Ka7 Re7 63. Rh1 Kf6 64. Rxh2 Kf5 65.
Rf2+ Kg4 66. Rd2 Rd7 67. Kb6 1-0

[Event "Autumn Cup A Grade"]
[Site "Wellington Chess Club"]
[Date "2019.05.23"]
[Round "2"]
[White "Nijman, Brian"]
[Black "Cilia Vincenti, David"]
[Result "0-1"]
[WhiteElo "2136"]
[BlackElo "2208"]

1. e4 d5 2. Nc3 d4 3. Nb1 e5 4. Bc4 Nf6 5. d3 Nc6 6. Nf3 Bd6 7. a3 Qe7 8. Nbd2
Be6 9. Bxe6 Qxe6 10. Nf1 h6 11. h3 O-O-O 12. Bd2 Nd7 13. g4 g6 14. Qc1 f5 15.
gxf5 gxf5 16. Ng3 fxe4 17. Nxe4 Rdf8 18. Qd1 Qf7 19. Ng1 Nc5 20. Nxd6+ cxd6 21.
f3 e4 22. Bb4 exf3 23. Kf2 Qf4 24. Qd2 Qh4+ 25. Kf1 Rhg8 26. Rh2 Qg3 27. Qf2
Qf4 28. Bd2 Qf6 29. Ke1 Ne5 30. Kd1 Ncxd3 31. cxd3 Nxd3 32. Qf1 f2 33. Ne2
Nxb2+ 34. Kc1 d3 35. Rxf2 Qxf2 36. Qxf2 Rxf2 37. Nf4 Nc4 0-1

[Event "Autumn Cup A Grade"]
[Site "Wellington Chess Club"]
[Date "2019.05.23"]
[Round "2"]
[White "Wastney, Scott"]
[Black "Croad, Nicolas"]
[Result "1-0"]
[WhiteElo "2396"]
[BlackElo "2453"]

1. e4 c5 2. Nf3 Nc6 3. d4 cxd4 4. Nxd4 Nf6 5. Nc3 d6 6. Be2 e5 7. Nf3 Be7 8.
O-O O-O 9. Re1 h6 10. h3 a6 11. Bf1 b5 12. a4 b4 13. Nd5 Nxd5 14. exd5 Nb8 15.
a5 Nd7 16. Bd2 Rb8 17. Re4 Bb7 18. Rxb4 Bxd5 19. Bxa6 Nc5 20. Bf1 f5 21. Rxb8
Qxb8 22. b4 Ne4 23. Be1 Be6 24. c4 g5 25. Nd2 Nf6 26. b5 e4 27. Nb3 f4 28. Nd4
Bd7 29. Qb3 Kh7 30. f3 d5 31. Bb4 Qe5 32. Rd1 Bxb4 33. Qxb4 Rg8 34. cxd5 g4 35.
hxg4 exf3 36. Re1 f2+ 37. Kxf2 Nxg4+ 38. Kg1 Ne3 39. Ne6 f3 40. Qf4 Qxf4 41.
Nxf4 Nxf1 42. Re7+ Rg7 43. Rxg7+ Kxg7 44. b6 Bc8 45. d6 1-0

[Event "Autumn Cup A Grade"]
[Site "Wellington Chess Club"]
[Date "2019.05.30"]
[Round "3"]
[White "Cilia Vincenti, David"]
[Black "Wastney, Scott"]
[Result "0-1"]
[WhiteElo "2208"]
[BlackElo "2396"]

1. d4 Nf6 2. c4 e6 3. Nc3 Bb4 4. f3 c5 5. d5 b5 6. e4 O-O 7. Nh3 bxc4 8. Bxc4
exd5 9. Bxd5 Nxd5 10. Qxd5 Ba6 11. Kf2 Qh4+ 12. Ke3 Qf6 13. Kf2 Qh4+ 14. Ke3 h6
15. Nf4 (15. Qxa8 Nc6 16. Qxf8+ Kxf8 $17) 15... Rd8 16. g3 Qf6 17. Kf2 Nc6 18.
Be3 Nd4 19. Rac1 Rab8 20. e5 Qb6 21. Na4 Qa5 22. Bxd4 Qxa4 23. Be3 Ba5 24. Rhd1
Rxb2+ 25. Kg1 Bb7 26. Qc4 Qxa2 27. Qxa2 Rxa2 28. Nd5 Re2 29. Rxc5 Bb6 30. Nxb6
axb6 31. Rc3 b5 32. Bb6 Ra8 33. Re3 Rc2 34. Red3 Raa2 35. Rxd7 Bxf3 36. e6 fxe6
0-1

[Event "Autumn Cup A Grade"]
[Site "Wellington Chess Club"]
[Date "2019.05.30"]
[Round "3"]
[White "Croad, Nicolas"]
[Black "Ker, Anthony"]
[Result "1-0"]
[WhiteElo "2453"]
[BlackElo "2472"]

1. d4 Nf6 2. c4 e6 3. Nf3 Bb4+ 4. Nbd2 b6 5. g3 Bb7 6. Bg2 O-O 7. O-O Re8 8. b3
Bc3 9. Rb1 c5 10. dxc5 bxc5 11. Qc2 Qa5 12. a3 Na6 13. b4 cxb4 14. axb4 Bxb4
15. Bb2 Bxd2 16. Bxf6 Bxf3 17. Bxf3 Rab8 18. Ra1 Qb6 19. Bxg7 Bb4 20. Bf6 Be7
21. Bxe7 Rxe7 22. Rfb1 Nb4 23. Qe4 Qc7 24. Qg4+ Kf8 25. Qd4 e5 26. Qh4 f5 27.
Ra4 a5 28. Rxa5 Qxa5 29. Qf6+ Ke8 30. Qh8+ Kf7 31. Qxb8 Nc6 32. Qd6 e4 33. Bh5+
Kg7 34. Qf4 h6 35. Rb5 Qa1+ 36. Kg2 Re5 37. Qd2 Qa7 38. Rxe5 Nxe5 39. Qd6 Qa5
40. Qe7+ Kg8 41. Qf6 Qc3 42. Bf7+ Kh7 43. Bd5 Qd4 44. Qxf5+ Kg7 45. h4 d6 46.
Qe6 e3 47. Qe7+ Kg6 48. Qxd6+ Kg7 49. Qe7+ Kg6 50. Qe6+ Kg7 51. f4 Qb2 52. Qe7+
Kg6 53. h5+ Kxh5 54. Qe8+ Kg4 55. Be6# 1-0

[Event "Autumn Cup A Grade"]
[Site "Wellington Chess Club"]
[Date "2019.05.30"]
[Round "3"]
[White "Dive, Russell"]
[Black "Nijman, Brian"]
[Result "0-1"]
[WhiteElo "2431"]
[BlackElo "2136"]

1. Nf3 g6 2. c4 Bg7 3. Nc3 c6 4. e4 d6 5. h3 a6 6. d4 Nf6 7. Bg5 O-O 8. Be2 b5
9. e5 b4 10. exf6 exf6 11. Bd2 bxc3 12. Bxc3 Re8 13. O-O Nd7 14. Re1 f5 15. Nd2
Nf6 16. Qa4 Bd7 17. Bf3 d5 18. Ba5 Qb8 19. Qc2 Qf4 20. Nb3 Ne4 21. Rad1 Be6 22.
cxd5 Bxd5 23. Nc1 Ng5 24. Rxe8+ Rxe8 25. Bxd5 cxd5 26. Qc6 Qb8 27. Bc3 Qb5 28.
Qxb5 axb5 29. Nd3 Ne6 30. Nb4 Rd8 31. Kf1 Bf8 32. Nc2 Ra8 33. a3 Re8 34. Re1
Bg7 35. Re2 h5 36. Ke1 Rd8 37. g3 Bf6 {(draw offered)} 38. Kd2 h4 39. Kd3 Ng5
40. gxh4 Nxh3 41. Bd2 Bxh4 42. f4 Nf2+ 43. Kc3 Ne4+ 44. Kb4 Be7+ 45. Kb3 Bf6
46. Be3 Kf8 47. Nb4 Rd6 48. Rc2 g5 49. fxg5 Bxg5 50. Bxg5 Nxg5 51. Rc5 Ne6 52.
Rxd5 Nxd4+ 53. Kc3 Rxd5 54. Nxd5 Nc6 55. b4 f6 56. Nc7 Na7 57. Kd4 Kf7 58. Kc5
f4 59. Kb6 f3 60. Nd5 Nc8+ 61. Kxb5 Ke6 (61... Nd6+ $3 62. Kc5 Nf5 $19) 62. Ne3
Ke5 63. a4 Ke4 64. Nf1 Nd6+ $4 (64... Kd4 $10) 65. Kc6 Nf5 66. a5 $4 (66. b5 f2
67. b6 Ne3 68. b7 Nxf1 69. b8=Q Ne3 70. Qb1+ Kf3 71. a5 f1=Q 72. Qxf1+ Nxf1 73.
a6 $18) 66... f2 67. a6 Ne3 68. a7 (68. Nh2 Ng4 $10) 68... Nxf1 69. a8=Q Ne3
70. Qa1 $4 (70. Kc5+ Kf4 $1 (70... Kd3 $4 71. Qa6+ Kd2 72. Qxf6) 71. Qd8 f1=Q
72. Qd4+ $10) 70... f1=Q 71. Qxf1 Nxf1 72. b5 Ne3 73. b6 Nc4 0-1